000 00613nam a2200169Ia 4500
001 140702
003 232974
005 20241015062810.0
008 ||||||n9999 ||| || ||
100 _aCaro Pulido, Sonia
_9172319
245 0 _aAnálisis de la seguridad social en riesgos profesionales y salud ocupacional en explotación de carbón municipio de Corrales 2008-2010
562 _e1
650 _aRIESGOS PROFESIONALES--MUNICIPIO DE CORRALES (BOYACÁ, COLOMBIA)
_9172320
650 _aSALUD OCUPACIONAL--CORRALES (BOYACÁ, COLOMBIA)
_9172321
650 0 _aSeguridad social
_93891
942 _cTESIS
999 _c140702
_d140702